000
00322nam a22001457a 4500
020
_a
0-07-066460-9
041
_a
ENG
100
_a
Ozisik.M.N
245
_a
Heat Transfer A Basic Approach
250
_a
Intarntional Edition
260
_a
New Dehli
_b
McGraw Hill Book
_c
1985
300
_a
780
650
_a
APE
856
_u
APE
999
_c
408
_d
408